000
00300nam a2200121Ia 4500
008
191201s2013 xx 000 0 und d
100
_a
AWAD, Alias M.
245
0
_a
System Analysis and Design
250
_a
Rep
260
_c
2013
_b
Galgotia Publisher
_a
NEW DELHI
300
_a
524
942
_2
ddc
_c
BK
_0
20
999
_c
7976
_d
7976